000 01029nam a2200205Ia 4500
003 Ost
005 20260507074956.0
008 260507s9999||||xx |||||||||||||| ||und||
020 _a9774100484
040 _cfsecg
041 _aara
082 _a332.12
100 _aالناغى، محمود السيد
_eمؤلف
245 0 _aالمنهج المحاسبي في شركات الأشخاص الأسس العلمية وإطار التطبيق /
_c محمود السيد الناغى
260 _aالقاهرة:
_bالمكتبة العصرية للنشر والتوزيع,
_c2007
300 _a293 صفحة؛
_bإيضاحات ؛
_c25 سم
520 _aالمحاسبة عند تكوين شركات الأشخاص،المحاسبة عن نتائج النشاط وتوزيعها،المحاسبة عن عمليات إعادة تنظيم الشركة،المحاسبة عند انقضاء شركة الأشخاص،المحاسبة في شركات المحاصة
653 _aالشركات-محاسبة
942 _cكتاب
999 _c42027
_d42027